Introduction to probability and statistics for science, engineering and finance / (Record no. 4563)
[ view plain ]
| 000 -LEADER | |
|---|---|
| fixed length control field | 00690cam a22002172 4500 |
| 001 - CONTROL NUMBER | |
| control field | 0000024861 |
| 005 - DATE AND TIME OF LATEST TRANSACTION | |
| control field | 20151217145949.0 |
| 008 - FIXED-LENGTH DATA ELEMENTS--GENERAL INFORMATION | |
| fixed length control field | 140320s xx 000 0 eng d |
| 020 ## - INTERNATIONAL STANDARD BOOK NUMBER | |
| International Standard Book Number | 1584888123 : |
| 040 ## - CATALOGING SOURCE | |
| Original cataloging agency | KABU |
| Transcribing agency | KABU |
| 100 1# - MAIN ENTRY--PERSONAL NAME | |
| Personal name | Rosenkrantz, Walter A. |
| -- | 0000183052 |
| 245 10 - TITLE STATEMENT | |
| Title | Introduction to probability and statistics for science, engineering and finance / |
| Statement of responsibility, etc. | Walter A. Rosenkrantz. |
| 250 ## - EDITION STATEMENT | |
| Edition statement | ed. |
| 260 ## - PUBLICATION, DISTRIBUTION, ETC. (IMPRINT) | |
| Place of publication, distribution, etc. | London : |
| Name of publisher, distributor, etc. | CRC, |
| Date of publication, distribution, etc. | 2009. |
| 300 ## - PHYSICAL DESCRIPTION | |
| Extent | 667 p. + |
| Accompanying material | 1 CD-ROM. |
| 650 #0 - SUBJECT ADDED ENTRY--TOPICAL TERM | |
| Topical term or geographic name as entry element | Probabilities. |
| -- | 0000154769 |
| 650 #0 - SUBJECT ADDED ENTRY--TOPICAL TERM | |
| Topical term or geographic name as entry element | Mathematical statistics. |
| -- | 0000148196 |
| 852 1# - LOCATION | |
| -- | p3840 KES |
| 908 ## - PUT COMMAND PARAMETER (RLIN) | |
| Put command parameter | 140320 |
| 950 ## - LOCAL HOLDINGS (RLIN) | |
| -- | 1 |
| Withdrawn status | Lost status | Source of classification or shelving scheme | Not for loan | Home library | Current library | Date acquired | Total Checkouts | Full call number | Barcode | Date last seen | Date last checked out | Price effective from | Koha item type |
|---|---|---|---|---|---|---|---|---|---|---|---|---|---|
| Library of Congress Classification | Kabarak, Main Campus | Kabarak, Main Campus | 17/12/2015 | 9 | QA273 .R67 2009 c. 1 | 017933 | 13/09/2021 | 27/08/2021 | 17/12/2015 | General Collection |